Noise and Vibration Control Engineering : Principles and applications /

Salvato in:
Dettagli Bibliografici
Altri autori: Beranek, Leo L (Compilatore), Vér, István L. (Compilatore)
Natura: Libro
Lingua:inglese
Pubblicazione: New York : John Wiley & Sons, 1992
Soggetti:
Tags: Aggiungi Tag
Nessun Tag, puoi essere il primo ad aggiungerne!!

MARC

LEADER 00000nam a22000003a 4500
001 stu93613
005 20190206124353.4
008 050418s1992----xxu-----------------eng-d
020 |a 0-71-61751-2 
040 |a STU  |b slo 
041 0 |a eng 
044 |a xxu 
080 |a 534.83.08 
100 1 |a Beranek, Leo L  |4 com 
245 1 |a Noise and Vibration Control Engineering :  |b Principles and applications /  |c ED.: Beranek, L.L., Vér, I.L. 
260 |a New York :  |b John Wiley & Sons,  |c 1992 
300 |a 804 s 
650 7 |a hluk a vibrácie  |2 stusub 
650 7 |a Hluk-kontrola  |2 stusub 
650 7 |a zvuková izolácia  |2 stusub 
700 1 |a Vér, István L.  |4 com 
996 |b 284EK85589  |c E*85589  |l EE08  |s P  |a 0  |w stu93613_0001